| 000 | 00885cab a22002295a 4500 | ||
|---|---|---|---|
| 001 | L156337 | ||
| 008 | 120514e20120428xxk 000 0 eng d | ||
| 035 | _a(Sirsi) u156337 | ||
| 041 | 0 | _aeng | |
| 100 | 1 | _aColby, Allyson | |
| 245 | 0 | 0 | _aShedding light on solar panels |
| 260 | _c2012 | ||
| 490 |
_aEstates Gazette _v(1217) 28 April 2012, 105(1) |
||
| 520 | _aLegal issues surrounding the installation of photovoltaic panels. Discusses two problems that have recently arisen in relation to their installation; whether a landlord can object if a tenant wishes to install a panel on their roof and what protection exists where PV panels become obscured by neighbourhood activities. | ||
| 590 | _aKA | ||
| 651 | 4 | _aUnited Kingdom | |
| 690 |
_aEnergy _96237 |
||
| 690 |
_aSustainability _96271 |
||
| 690 |
_aLandlord and tenant _96252 |
||
| 700 | 1 | _aWilliams, Peter | |
| 942 | _n0 | ||
| 999 |
_c83990 _d83990 |
||